Ramayanam koothu: (Record no. 181857)

000 -LEADER
fixed length control field 00427nam a2200157 4500
020 ## - INTERNATIONAL STANDARD BOOK NUMBER
ISBN 9788119443192
082 ## - DEWEY DECIMAL CLASSIFICATION NUMBER
Classification number M 792.3
Item number HAR/R
245 ## - TITLE STATEMENT
Title Ramayanam koothu:
Sub Title koodiyattathe pattiyulla kozhikodan granthavari rekhakal/
Statement of responsibility, etc by Haridas V V (ed.)
260 ## - PUBLICATION, DISTRIBUTION, ETC. (IMPRINT)
Place of publication Kozhikode:
Name of publisher Atma Books,
Year of publication 2023.
300 ## - PHYSICAL DESCRIPTION
Number of Pages 148p.
650 ## - SUBJECT ADDED ENTRY--TOPICAL TERM
Topical Term Koodiyattam
650 ## - SUBJECT ADDED ENTRY--TOPICAL TERM
Topical Term Koothu
650 ## - SUBJECT ADDED ENTRY--TOPICAL TERM
Topical Term Arts
700 ## - ADDED ENTRY--PERSONAL NAME
Personal name Haridas V V (ed.)
942 ## - ADDED ENTRY ELEMENTS (KOHA)
Koha item type Book
Holdings
Withdrawn status Lost status Damaged status Not for loan Permanent Location Current Location Shelving location Date acquired Cost, normal purchase price Full call number Accession Number Price effective from Koha item type
        Sree Sankaracharya University of Sanskrit Sree Sankaracharya University of Sanskrit Stacks 29.05.2026 300.00 M 792.3 HAR/R 108976 29.05.2026 Book